PMO diary - II: the emergency (Record no. 405202)

000 -LEADER
fixed length control field 00408cam a22001457a 4500
008 - FIXED-LENGTH DATA ELEMENTS--GENERAL INFORMATION
fixed length control field 180718b2006 xxu||||| |||| 00| 0 eng d
020 ## - INTERNATIONAL STANDARD BOOK NUMBER
International Standard Book Number 8122007074
082 ## - DEWEY DECIMAL CLASSIFICATION NUMBER
Classification number A99/ T155
100 ## - MAIN ENTRY--PERSONAL NAME
Personal name Tandon, B.N.
245 ## - TITLE STATEMENT
Title PMO diary - II: the emergency
Statement of responsibility, etc. by B.N. Tandon
260 ## - PUBLICATION, DISTRIBUTION, ETC.
Place of publication, distribution, etc. Delhi
Name of publisher, distributor, etc. Konark
Date of publication, distribution, etc. 2006
300 ## - PHYSICAL DESCRIPTION
Extent 452p.
650 ## - SUBJECT ADDED ENTRY--TOPICAL TERM
Topical term or geographic name entry element Civil service - Personal narratives
650 ## - SUBJECT ADDED ENTRY--TOPICAL TERM
Topical term or geographic name entry element Tandon, B.N. - Autobiography
Holdings
Withdrawn status Lost status Damaged status Not for loan Permanent Location Current Location Date acquired Total Checkouts Full call number Barcode Date last seen Date last checked out Price effective from Koha item type
        Indian Institute of Public Administration Indian Institute of Public Administration 2006-02-28 1 A99/ T155 80947 2020-11-24 2020-10-15 2018-07-21 Book

Powered by Koha